Представление документа в формате RUSMARC

ПолеНазваниеЗначение
  Тип записи a
  Библиографический уровень c
001 Контрольный номер RU/SLIB/B/208728873
005 Дата корректировки 20220111094952.7
010 Индекс ISBN __
d Цена 3-50
100 Данные общей обработки __
a Данные общей обработки 20220111d1988 m y0rusy028902 ca
101 Язык документа 0_
a Язык текста rus
c Язык оригинала rus
102 Страна публикации __
a Страна публикации RU
105 Кодированные данные (монография) __
a Кодированные данные (монография) y z 000yy
181 Поле кодированных данных: вид содержания _0
a Код вида содержания (ISBD) i
182 Поле кодированных данных: тип средства _0
a Код типа средства (ISBD) n
200 Заглавие и сведения об ответственности 1_
a Заглавие Советский тыл в первый период Великой Отечественной войны
f Первые сведения об ответственности отв. ред. Г. А. Куманев
b Общее обозначение материала Текст
210 Выходные данные 1_
a Место издания М.
c Издательство Наука
d Дата издания 1988
215 Физическое описание __
a Объем 424 с.
606 Тематические рубрики __
a Основная рубрика История
z Хронологическая подрубрика 1941 г.; 1942 г.; 20 в.
y Географическая подрубрика Россия; СССР
606 Тематические рубрики __
a Основная рубрика История России и СССР (октябрь 1917 - 1991 г.)
610 Ключевые слова 0_
a Ключевые слова ВОВ; Великая Отечественная война; тыл; оборона городов; войны; историческая литература; исторические факты; исторические даты
686 Индексы других классификаций __
a Классификационный индекс 63.3(2)622-2
702 Вторичная интеллектуальная ответственность _1
a Фамилия Куманев
b Имя Г. А.
4 Код отношения Ответственный редактор
4 Код отношения 340
801 Источник записи _0
a Страна RU
b Организация Муниципальное бюджетное учреждение культуры "Централизованная библиотечная система" г. Сургут (Центральная городская библиотека им. А. С. Пушкина)
g Правила каталогизации КиК/Елгина
801 Источник записи _1
a Страна RU
b Организация Муниципальное бюджетное учреждение культуры "Централизованная библиотечная система" г. Сургут (Центральная городская библиотека им. А. С. Пушкина)
g Правила каталогизации КиК/Елгина
852 Данные о местонахождении __
j Шифр хранения 63.3(2)622-2
i Авторский знак С 56
p Инвентарный номер 38025
901 Тип документа __
t Тип документа x
969 Тип издания __
a Тип издания сборник
990 Данные о заказе (DOS) __
j Количество экземпляров (DOS) 1